000 00373nam a2200157Ia 4500
008 230719s9999 xx 000 0 und d
041 _aeng
082 _a621.388
_bDHA
100 _aDhake A.M.
245 _aTelevision And Video Engineering
250 _a2nd ed.
260 _c2011
_bTata McGraw Hill
300 _a646
365 _cRs.
_b275.00
700 _aDhake A.M.
999 _c354220
_d354220